<?xml version="1.0" encoding="UTF-8"?>
<record
    xmlns:xsi="http://www.w3.org/2001/XMLSchema-instance"
    xsi:schemaLocation="http://www.loc.gov/MARC21/slim http://www.loc.gov/standards/marcxml/schema/MARC21slim.xsd"
    xmlns="http://www.loc.gov/MARC21/slim">

  <leader>00857nam2a22002051  4500</leader>
  <controlfield tag="001">RU\NLR\A1SV\135521</controlfield>
  <controlfield tag="005">20251214192347.0</controlfield>
  <datafield tag="035" ind1=" " ind2=" ">
    <subfield code="a">(NLR Aleph) 010680256</subfield>
  </datafield>
  <datafield tag="090" ind1=" " ind2=" ">
    <subfield code="a">13490904</subfield>
    <subfield code="c">13490904</subfield>
  </datafield>
  <datafield tag="100" ind1=" " ind2=" ">
    <subfield code="a">20150216d1918    u  y0rusy50      ca</subfield>
  </datafield>
  <datafield tag="101" ind1="0" ind2=" ">
    <subfield code="a">rus</subfield>
  </datafield>
  <datafield tag="200" ind1="0" ind2=" ">
    <subfield code="a">&#x427;.1, &#x43A;&#x43D;.1</subfield>
  </datafield>
  <datafield tag="215" ind1=" " ind2=" ">
    <subfield code="a">158 &#x441;.</subfield>
  </datafield>
  <datafield tag="461" ind1=" " ind2="1">
    <subfield code="1">001RU\NLR\A1SV\135520</subfield>
    <subfield code="1">2000#$a&#x416;&#x438;&#x442;&#x438;&#x435; &#x41E;&#x43B;&#x438;&#x43C;&#x43F;&#x438;&#x430;&#x434;&#x44B; &#x434;&#x435;&#x432;&#x44B;$e[&#x420;&#x43E;&#x43C;&#x430;&#x43D;]$f&#x415;.&#x41D;&#x430;&#x433;&#x440;&#x43E;&#x434;&#x441;&#x43A;&#x430;&#x44F;$v&#x427;.1, &#x43A;&#x43D;.1</subfield>
    <subfield code="1">700#1$a&#x41D;&#x430;&#x433;&#x440;&#x43E;&#x434;&#x441;&#x43A;&#x430;&#x44F;$b&#x415;. &#x410;.$f1866-1930$g&#x415;&#x432;&#x434;&#x43E;&#x43A;&#x438;&#x44F; &#x410;&#x43F;&#x43E;&#x43B;&#x43B;&#x43E;&#x43D;&#x43E;&#x432;&#x43D;&#x430;$3RU\NLR\AUTH\770284781</subfield>
    <subfield code="9">9643908</subfield>
    <subfield code="a">&#x41D;&#x430;&#x433;&#x440;&#x43E;&#x434;&#x441;&#x43A;&#x430;&#x44F;, &#x415;. &#x410;. (1866-1930)</subfield>
    <subfield code="c">[&#x41F;&#x433;.]</subfield>
    <subfield code="d">[1918]</subfield>
    <subfield code="f">&#x415;.&#x41D;&#x430;&#x433;&#x440;&#x43E;&#x434;&#x441;&#x43A;&#x430;&#x44F;</subfield>
    <subfield code="n">&#x41C;.&#x418;.&#x421;&#x435;&#x43C;&#x435;&#x43D;&#x43E;&#x432;</subfield>
    <subfield code="o">[&#x420;&#x43E;&#x43C;&#x430;&#x43D;]</subfield>
    <subfield code="t">&#x416;&#x438;&#x442;&#x438;&#x435; &#x41E;&#x43B;&#x438;&#x43C;&#x43F;&#x438;&#x430;&#x434;&#x44B; &#x434;&#x435;&#x432;&#x44B;</subfield>
    <subfield code="v">&#x427;.1, &#x43A;&#x43D;.1</subfield>
  </datafield>
  <datafield tag="801" ind1=" " ind2="0">
    <subfield code="a">RU</subfield>
    <subfield code="b">NLR</subfield>
    <subfield code="c">20150216</subfield>
  </datafield>
  <datafield tag="852" ind1=" " ind2=" ">
    <subfield code="a">NLR</subfield>
  </datafield>
  <datafield tag="942" ind1=" " ind2=" ">
    <subfield code="c">BOOK</subfield>
  </datafield>
  <datafield tag="980" ind1=" " ind2=" ">
    <subfield code="a">A1SV</subfield>
  </datafield>
  <datafield tag="980" ind1=" " ind2=" ">
    <subfield code="a">NB</subfield>
  </datafield>
</record>
